00614 2200229 4500001002100000005001500021035002000036007000300056008004100059020002200100082001100122084001700133100002000150245007400170250001100244260003800255300002900293650002900322700001100351990001100362990001100373INLIS00000000000313120190207091051 a0010-0219000073ta190207 g 0 ind  a978-602-1694-39-8 a297.16 a297.16 MUH l0 aMUHAMMAD, Yasir1 a50 Cerita Islami Terbaik untuk Anak /cMuhammad Yasir; editor, Aminah acet.13 aJakarta :bAl-Kautsar Kids,c2018 a119 hlm :bilus ;c24 cm aISLAM. CERITA ANAK ISLAM0 aAMINAH a6449 a a6449 b